Pays d'Asie à l'aveugle - Statistiques

Statistiques générales
  • Ce quiz a été pris 187 fois
  • Le résultat moyen est 43 sur 48
Statistiques - réponses
Réponse % Correct
Chine
97%
Inde
96%
Iran
95%
Israël
95%
Japon
95%
Qatar
95%
Yémen
95%
Arabie Saoudite
94%
Irak
94%
Mongolie
94%
Viêtnam
94%
Afghanistan
93%
Corée du Nord
93%
Corée du Sud
93%
Indonésie
93%
Laos
93%
Ouzbékistan
93%
Pakistan
93%
Kazakhstan
92%
Oman
92%
Cambodge
91%
Emirats Arabes Unis
91%
Géorgie
91%
Kirghizistan
91%
Koweït
91%
Népal
91%
Turkménistan
91%
Sri Lanka
90%
Thaïlande
90%
Arménie
89%
Jordanie
89%
Liban
89%
Malaisie
89%
Syrie
89%
Tadjikistan
89%
Turquie
89%
Bahreïn
87%
Bangladesh
87%
Birmanie
87%
Singapour
87%
Taïwan
87%
Bhoutan
86%
Philippines
86%
Azerbaïdjan
84%
Bruneï
83%
Timor Oriental
80%
Maldives
79%
Chypre
72%
Aucun quiz correspondant
Distribution des résultats
% des personnes avec chaque résultat
Percentile par nombre de réponses
Votre historique - résultats
Vous n’avez pas pris ce quiz